Методика изучения условных рефлексов / (Record no. 486100)
[ view plain ]
| 000 -LEADER | |
|---|---|
| fixed length control field | 00961nam-a2200229-a-4500 |
| 001 - CONTROL NUMBER | |
| control field | 000119757 |
| 003 - CONTROL NUMBER IDENTIFIER | |
| control field | AM-YeHGA |
| 005 - DATE AND TIME OF LATEST TRANSACTION | |
| control field | 20250617162247.0 |
| 008 - FIXED-LENGTH DATA ELEMENTS--GENERAL INFORMATION | |
| fixed length control field | 990510s1952 xxu 000 0 rus u |
| 020 ## - INTERNATIONAL STANDARD BOOK NUMBER | |
| Terms of availability | 6.00 |
| 040 ## - CATALOGING SOURCE | |
| Original cataloging agency | AM-YeHGA |
| 090 ## - LOCALLY ASSIGNED LC-TYPE CALL NUMBER (OCLC); LOCAL CALL NUMBER (RLIN) | |
| -- | 489469 |
| 100 10 - MAIN ENTRY--PERSONAL NAME | |
| Personal name | Подкопаев, Н.А. |
| 245 10 - TITLE STATEMENT | |
| Title | Методика изучения условных рефлексов / |
| Statement of responsibility, etc. | Н.А. Подкопаев ; Предисл. И.П. Павлова ; Отв. ред. Ф.П. Майоров ; АН СССР. Ин-т физиологии им. И.П. Павловп. |
| 250 ## - EDITION STATEMENT | |
| Edition statement | 3-е, испр. и доп. |
| 260 ## - PUBLICATION, DISTRIBUTION, ETC. | |
| Place of publication, distribution, etc. | Л., |
| -- | Москва : |
| Name of publisher, distributor, etc. | АН СССР. Ленингр. отд-ние , |
| Date of publication, distribution, etc. | 1952. |
| 300 ## - PHYSICAL DESCRIPTION | |
| Extent | 108 с. |
| 650 #4 - SUBJECT ADDED ENTRY--TOPICAL TERM | |
| Topical term or geographic name entry element | Здравоохранение, медицина |
| 700 1# - ADDED ENTRY--PERSONAL NAME | |
| Personal name | Павлов, И.П. |
| Relationship | aui |
| 700 1# - ADDED ENTRY--PERSONAL NAME | |
| Personal name | Майоров, Ф.П. |
| Relationship | edt |
| 710 2# - ADDED ENTRY--CORPORATE NAME | |
| Corporate name or jurisdiction name as entry element | Ин-т физиологии им. И.П. Павлова АН СССР |
| Withdrawn status | Lost status | Source of classification or shelving scheme | Damaged status | Not for loan | Collection | Home library | Current library | Date acquired | Total checkouts | Full call number | Barcode | Date last seen | Price effective from | Koha item type | Public note |
|---|---|---|---|---|---|---|---|---|---|---|---|---|---|---|---|
| Universal Decimal Classification | General | Fundamental Scientific Library | Fundamental Scientific Library | 05/02/2019 | РД II/37584 | FL0547502 | 05/02/2019 | 05/02/2019 | Գրքեր / Books | 30 Days Load | |||||
| Universal Decimal Classification | General | Fundamental Scientific Library | Fundamental Scientific Library | 05/02/2019 | РД II/37583 | FL0547503 | 05/02/2019 | 05/02/2019 | Գրքեր / Books | 30 Days Load |
ՀՀ Գիտությունների ազգային ակադեմիայի հիմնարար գիտական գրադարան = Fundamental Scientific Library of NAS RA
All site content, except where otherwise noted, is licensed under a